[Event "26th Troya Open 2018"]
[Site "Canakkale"]
[Date "2018.08.10"]
[Round "8.18"]
[White "Ozkurt, Deniz"]
[Black "Ulupinar, Furkan"]
[Result "1/2-1/2"]
[WhiteElo "1635"]
[BlackElo "1412"]
[Annotator "NA"]
[PlyCount "97"]
[EventDate "2018.08.06"]
[EventType "swiss"]
[EventCountry "TUR"]
[SourceTitle "playchess.com"]
[Source "ChessBase"]
[SourceQuality "1"]
[TimeControl "5400+30"]

1. e4 {[%emt 0:00:30]} c5 {[%emt 0:00:30]} 2. Nc3 {[%emt 0:00:30]} Nc6 {[%emt 0:00:30]} 3. f4 {[%emt 0:00:30]} g6 {[%emt 0:00:30]} 4. Nf3 {[%emt 0:00:30]} Bg7 {[%emt 0:00:30]} 5. Bb5 {[%emt 0:00:30]} e6 {[%emt 0:00:30]} 6. Bxc6 {[%emt 0:00:30]} bxc6 {[%emt 0:00:30]} 7. d3 {[%emt 0:00:30]} d5 {[%emt 0:04:30]} 8. e5 {[%emt 0:02:30]} Rb8 {[%emt 0:00:30]} 9. O-O {[%emt 0:00:00]} Ba6 {[%emt 0:04:30]} 10. b3 {[%emt 0:02:00]} h5 {[%emt 0:06:30]} 11. Qe1 {[%emt 0:01:30]} Bf8 {[%emt 0:03:30]} 12. Ba3 {[%emt 0:00:00]} Bb5 {[%emt 0:03:30]} 13. Nd1 {[%emt 0:12:00]} d4 {[%emt 0:13:30]} 14. Nf2 {[%emt 0:02:30]} Qb6 {[%emt 0:01:30]} 15. Ne4 {[%emt 0:00:00]} Nh6 {[%emt 0:00:30]} 16. Nf6+ {[%emt 0:01:00]} Kd8 {[%emt 0:00:30]} 17. Ne4 {[%emt 0:01:30]} Nf5 {[%emt 0:01:30]} 18. Kh1 {[%emt 0:05:30]} Be7 {[%emt 0:02:30]} 19. Qd2 {[%emt 0:04:30]} Ke8 {[%emt 0:00:30]} 20. Rae1 {[%emt 0:06:30]} Rd8 {[%emt 0:06:30]} 21. Kg1 {[%emt 0:10:30]} Kf8 {[%emt 0:03:30]} 22. Nfg5 {[%emt 0:02:30]} Rd5 {[%emt 0:04:30]} 23. Nf3 {[%emt 0:01:30]} Qa6 {[%emt 0:01:30]} 24. Qc1 {[%emt 0:00:30]} Qb6 {[%emt 0:02:30]} 25. Nfd2 {[%emt 0:03:30]} Qc7 {[%emt 0:04:30]} 26. Nc4 {[%emt 0:00:30]} a5 {[%emt 0:03:30]} 27. Qd2 {[%emt 0:04:30]} a4 {[%emt 0:00:30]} 28. Rb1 {[%emt 0:05:30]} axb3 {[%emt 0:00:30]} 29. axb3 {[%emt 0:00:30]} h4 {[%emt 0:03:30]} 30. Ra1 {[%emt 0:01:30]} g5 {[%emt 0:01:30]} 31. fxg5 {[%emt 0:05:30]} Bxc4 {[%emt 0:00:30]} 32. bxc4 {[%emt 0:00:00]} Rxe5 {[%emt 0:00:00]} 33. Qf4 {[%emt 0:01:00]} Bd6 {[%emt 0:04:00]} 34. Nxd6 {[%emt 0:00:30]} Qxd6 {[%emt 0:00:30]} 35. Rae1 {[%emt 0:00:30]} Rxe1 {[%emt 0:00:30]} 36. Qxd6+ {[%emt 0:00:30]} Nxd6 {[%emt 0:00:30]} 37. Rxe1 {[%emt 0:00:00]} Kg7 {[%emt 0:01:30]} 38. Bxc5 {[%emt 0:00:00]} Nf5 {[%emt 0:00:00]} 39. Re4 {[%emt 0:01:30]} Rd8 {[%emt 0:00:00]} 40. Kf2 {[%emt 0:00:30]} Kg6 {[%emt 0:00:30]} 41. g4 {[%emt 0:01:30]} hxg3+ {[%emt 0:01:30]} 42. hxg3 {[%emt 0:00:00]} Rd7 {[%emt 0:01:30]} 43. Kf3 {[%emt 0:06:16]} Kxg5 {[%emt 0:01:59]} 44. g4 {[%emt 0:00:58]} Ne3 {[%emt 0:03:25]} 45. Bxd4 {[%emt 0:00:30]} Nxc2 {[%emt 0:00:30]} 46. Be3+ {[%emt 0:00:16]} Kg6 {[%emt 0:04:11]} 47. Ke2 {[%emt 0:01:39]} Nxe3 {[%emt 0:01:45]} 48. Kxe3 {[%emt 0:00:30]} Kg5 {[%emt 0:00:58]} 49. d4 {[%emt 0:03:42]} 1/2-1/2

[Event "26th Troya Open 2018"]
[Site "Canakkale"]
[Date "2018.08.10"]
[Round "8.19"]
[White "Celik, Meric"]
[Black "Bozyaka, Altug"]
[Result "1-0"]
[WhiteElo "1471"]
[BlackElo "1649"]
[Annotator "NA"]
[PlyCount "89"]
[EventDate "2018.08.06"]
[EventType "swiss"]
[EventCountry "TUR"]
[SourceTitle "playchess.com"]
[Source "ChessBase"]
[SourceQuality "1"]
[TimeControl "5400+30"]

1. e4 {[%emt 0:00:30]} c5 {[%emt 0:00:30]} 2. Nc3 {[%emt 0:00:30]} d6 {[%emt 0:00:30]} 3. Nge2 {[%emt 0:00:30]} Nf6 {[%emt 0:00:30]} 4. g3 {[%emt 0:00:30]} Nc6 {[%emt 0:00:30]} 5. Bg2 {[%emt 0:00:00]} g6 {[%emt 0:09:30]} 6. d3 {[%emt 0:00:00]} Bg7 {[%emt 0:00:30]} 7. O-O {[%emt 0:00:30]} O-O {[%emt 0:02:30]} 8. h3 {[%emt 0:01:30]} e6 {[%emt 0:02:30]} 9. Be3 {[%emt 0:01:30]} Rb8 {[%emt 0:09:30]} 10. Qd2 {[%emt 0:05:30]} b5 {[%emt 0:03:30]} 11. Bh6 {[%emt 0:12:30]} b4 {[%emt 0:07:30]} 12. Na4 {[%emt 0:10:30]} Bb7 {[%emt 0:09:30]} 13. Bxg7 {[%emt 0:00:30]} Kxg7 {[%emt 0:00:30]} 14. a3 {[%emt 0:04:30]} b3 {[%emt 0:07:30]} 15. c4 {[%emt 0:06:30]} Qc7 {[%emt 0:04:30]} 16. Nac3 {[%emt 0:00:30]} Rfd8 {[%emt 0:02:30]} 17. f4 {[%emt 0:17:30]} Ne7 {[%emt 0:03:30]} 18. f5 {[%emt 0:04:30]} exf5 {[%emt 0:05:30]} 19. exf5 {[%emt 0:00:30]} d5 {[%emt 0:03:30]} 20. fxg6 {[%emt 0:02:30]} fxg6 {[%emt 0:03:30]} 21. Qg5 {[%emt 0:00:30]} Qd6 {[%emt 0:02:33]} 22. Nb5 {[%emt 0:02:30]} Qb6 {[%emt 0:01:38]} 23. Nf4 {[%emt 0:04:30]} Neg8 {[%emt 0:05:38]} 24. Rae1 {[%emt 0:07:32]} Re8 {[%emt 0:03:01]} 25. Nc3 {[%emt 0:01:13]} dxc4 {[%emt 0:01:55]} 26. dxc4 {[%emt 0:00:59]} Bxg2 {[%emt 0:01:29]} 27. Kxg2 {[%emt 0:00:12]} Rbd8 {[%emt 0:02:57]} 28. Ncd5 {[%emt 0:00:20]} Qc6 {[%emt 0:01:48]} 29. Kh2 {[%emt 0:02:10]} Ne4 {[%emt 0:02:15]} 30. Rxe4 {[%emt 0:01:12]} h6 {[%emt 0:02:48]} 31. Qh4 {[%emt 0:05:12]} g5 {[%emt 0:01:07]} 32. Nh5+ {[%emt 0:00:04]} Kh8 {[%emt 0:00:15]} 33. Qg4 {[%emt 0:00:43]} Rf8 {[%emt 0:00:28]} 34. Rxf8 {[%emt 0:01:54]} Rxf8 {[%emt 0:00:30]} 35. Kg2 {[%emt 0:00:35]} Qg6 {[%emt 0:00:03]} 36. Qe2 {[%emt 0:01:05]} Qf5 {[%emt 0:00:15]} 37. g4 {[%emt 0:00:50]} Qf7 {[%emt 0:00:25]} 38. Ng3 {[%emt 0:01:20]} Nf6 {[%emt 0:00:54]} 39. Nxf6 {[%emt 0:01:18]} Qxf6 {[%emt 0:00:05]} 40. Re6 {[%emt 0:00:24]} Qd4 {[%emt 0:01:19]} 41. Qe5+ {[%emt 0:02:11]} Qxe5 {[%emt 0:00:21]} 42. Rxe5 {[%emt 0:00:00]} Rd8 {[%emt 0:00:28]} 43. Rd5 {[%emt 0:00:19]} Rc8 {[%emt 0:00:21]} 44. Ne4 {[%emt 0:01:21]} Re8 {[%emt 0:00:30]} 45. Kf3 {[%emt 0:00:26]} 1-0

[Event "26th Troya Open 2018"]
[Site "Canakkale"]
[Date "2018.08.10"]
[Round "8.20"]
[White "Cetinkaya, Umut Can"]
[Black "Buyukgokcesu, Tahir Sami"]
[Result "1-0"]
[WhiteElo "1593"]
[BlackElo "1585"]
[Annotator "NA RC"]
[PlyCount "31"]
[EventDate "2018.08.06"]
[EventType "swiss"]
[EventCountry "TUR"]
[SourceTitle "playchess.com"]
[Source "ChessBase"]
[SourceQuality "1"]
[TimeControl "5400+30"]

1. e4 {[%emt 0:00:30]} c5 {[%emt 0:00:30]} 2. Nc3 {[%emt 0:00:30]} Nc6 {[%emt 0:00:30]} 3. f4 {[%emt 0:00:30]} d6 {[%emt 0:00:30]} 4. Bb5 {[%emt 0:00:30]} Bd7 {[%emt 0:00:30]} 5. Bxc6 {[%emt 0:04:30]} bxc6 {[%emt 0:04:30]} 6. Nf3 {[%emt 0:00:30]} Nf6 {[%emt 0:03:30]} 7. O-O {[%emt 0:01:30]} g6 {[%emt 0:00:30]} 8. Qe1 {[%emt 0:06:30]} e6 {[%emt 0:05:30]} 9. e5 {[%emt 0:06:30]} Nd5 {[%emt 0:01:30]} 10. Ne4 {[%emt 0:11:30]} dxe5 {[%emt 0:00:30]} 11. fxe5 {[%emt 0:01:30]} Be7 {[%emt 0:00:30]} 12. d3 {[%emt 0:11:30]} h6 {[%emt 0:03:30]} 13. Qf2 {[%emt 0:03:30]} Rh7 {[%emt 0:01:30]} 14. Nfd2 {[%emt 0:18:30]} f5 {[%emt 0:15:30]} 15. exf6 {[%emt 0:01:30]} Nxf6 {[%emt 0:00:30]} 16. Nxf6+ {[%emt 0:00:30]} 1-0

[Event "26th Troya Open 2018"]
[Site "Canakkale"]
[Date "2018.08.10"]
[Round "8.21"]
[White "Cevizci, Yusuf Baran"]
[Black "Yilmaz, Kerem Tuna"]
[Result "1-0"]
[WhiteElo "1713"]
[BlackElo "1500"]
[Annotator "NA"]
[PlyCount "55"]
[EventDate "2018.08.06"]
[EventType "swiss"]
[EventCountry "TUR"]
[SourceTitle "playchess.com"]
[Source "ChessBase"]
[SourceQuality "1"]
[TimeControl "5400+30"]

1. e4 {[%emt 0:00:30]} c5 {[%emt 0:00:30]} 2. Nf3 {[%emt 0:00:30]} Nc6 {[%emt 0:00:30]} 3. Bb5 {[%emt 0:00:30]} g6 {[%emt 0:00:30]} 4. O-O {[%emt 0:00:30]} Bg7 {[%emt 0:00:30]} 5. Bxc6 {[%emt 0:06:30]} bxc6 {[%emt 0:05:30]} 6. d4 {[%emt 0:09:30]} cxd4 {[%emt 0:07:30]} 7. Nxd4 {[%emt 0:00:30]} Nf6 {[%emt 0:10:30]} 8. Re1 {[%emt 0:02:30]} O-O {[%emt 0:00:30]} 9. c4 {[%emt 0:01:30]} c5 {[%emt 0:12:30]} 10. Nc2 {[%emt 0:06:30]} d6 {[%emt 0:05:30]} 11. Nc3 {[%emt 0:08:30]} Bb7 {[%emt 0:09:30]} 12. Rb1 {[%emt 0:06:30]} Rc8 {[%emt 0:04:30]} 13. Bg5 {[%emt 0:04:30]} Qa5 {[%emt 0:12:30]} 14. Nd5 {[%emt 0:04:30]} Bxd5 {[%emt 0:01:30]} 15. exd5 {[%emt 0:00:30]} Rfe8 {[%emt 0:00:30]} 16. a3 {[%emt 0:00:30]} Kf8 {[%emt 0:04:30]} 17. Qd3 {[%emt 0:00:30]} Nd7 {[%emt 0:01:30]} 18. Qh3 {[%emt 0:00:30]} Ne5 {[%emt 0:00:59]} 19. Qxh7 {[%emt 0:01:30]} e6 {[%emt 0:05:43]} 20. Ne3 {[%emt 0:09:30]} Nd3 {[%emt 0:01:51]} 21. Bh6 {[%emt 0:02:30]} Bxh6 {[%emt 0:01:41]} 22. Qxh6+ {[%emt 0:00:30]} Ke7 {[%emt 0:00:57]} 23. Red1 {[%emt 0:00:30]} Ne5 {[%emt 0:01:00]} 24. dxe6 {[%emt 0:02:30]} fxe6 {[%emt 0:00:23]} 25. Qg7+ {[%emt 0:00:00]} Nf7 {[%emt 0:00:42]} 26. Nd5+ {[%emt 0:01:00]} exd5 {[%emt 0:00:15]} 27. Re1+ {[%emt 0:00:30]} Kd8 {[%emt 0:00:30]} 28. Qf6+ {[%emt 0:00:00]} 1-0